00976nam a2200241 a 4500001001000000005001700010008004100027040001300068041000800081044000700089050002600096245020800122260006900330300004200399500007400441504003200515650003700547650002500584651002900609700003700638700003400675700002500709BRCA_130920190320203353.0930611s1991 mx-a---##b---#000-0#spa-# aDLCcDLC aspa amx 4aF1219.3.M4b.M37 199110aMáscaras tradicionales de Méxicoctexto Ruth Deutsch Lechuga ; fotografía Ruth Deutsch Lechuga y Enrique Franco Torrijos ; diseño Marianela de la Hoz ; coordinación Víctor Manuel Espíndola. aMéxicobBanco Nacional de Obras y Servicios Públicosc[1991] a157 p.bil. (algunas a color)c34 cm. aSe cuenta con un ejemplar en el Fondo Ruth Lechuga, No. de Sist. 1672 aBibliografía : p. 155-15714aMáscaras indígenaszMéxico14aMáscaraszMéxico 4aMéxicoxAntigüedades1 aLechuga, Ruth Deutschd1920-20041 aFranco Torrijos, Enriqueeil.1 aHoz, Marianela de la